<?xml version="1.0" encoding="UTF-8"?>
<record
    xmlns:xsi="http://www.w3.org/2001/XMLSchema-instance"
    xsi:schemaLocation="http://www.loc.gov/MARC21/slim http://www.loc.gov/standards/marcxml/schema/MARC21slim.xsd"
    xmlns="http://www.loc.gov/MARC21/slim">

  <leader>01365nam a2200337 i 4500</leader>
  <controlfield tag="003">CO-BoRNBP</controlfield>
  <controlfield tag="005">20230102092557.0</controlfield>
  <controlfield tag="007">ta</controlfield>
  <controlfield tag="008">211014s2021    ck a|||br|||| 00| 0 spa d</controlfield>
  <datafield tag="020" ind1=" " ind2=" ">
    <subfield code="a">9789586656863</subfield>
  </datafield>
  <datafield tag="040" ind1=" " ind2=" ">
    <subfield code="a">CO-BoRNBP</subfield>
    <subfield code="b">spa</subfield>
    <subfield code="e">rda</subfield>
    <subfield code="c">CO-MqBPB</subfield>
  </datafield>
  <datafield tag="041" ind1="0" ind2=" ">
    <subfield code="a">spa</subfield>
  </datafield>
  <datafield tag="082" ind1="0" ind2="4">
    <subfield code="a">571.8</subfield>
    <subfield code="b">R65i</subfield>
    <subfield code="2">22</subfield>
  </datafield>
  <datafield tag="100" ind1="1" ind2=" ">
    <subfield code="a">Romero Mari&#xF1;o, Soledad</subfield>
    <subfield code="e">autora</subfield>
    <subfield code="9">200184</subfield>
  </datafield>
  <datafield tag="245" ind1="1" ind2="0">
    <subfield code="a">Infinito</subfield>
    <subfield code="c">textos Soledad Romero Mari&#xF1;o ; ilustraciones Mariona Cabassa </subfield>
  </datafield>
  <datafield tag="246" ind1="3" ind2="4">
    <subfield code="a">Infinito</subfield>
    <subfield code="b">Los ciclos m&#xE1;gicos del universo</subfield>
  </datafield>
  <datafield tag="250" ind1=" " ind2=" ">
    <subfield code="a">Edici&#xF3;n especial</subfield>
  </datafield>
  <datafield tag="264" ind1=" " ind2="1">
    <subfield code="a">Bogot&#xE1;, Colombia</subfield>
    <subfield code="b">Siglo del Hombre Editores</subfield>
    <subfield code="c">2021</subfield>
  </datafield>
  <datafield tag="300" ind1=" " ind2=" ">
    <subfield code="a">[44] p&#xE1;ginas sin numerar</subfield>
    <subfield code="b">ilustraciones a color</subfield>
    <subfield code="c">26 cm</subfield>
  </datafield>
  <datafield tag="336" ind1=" " ind2=" ">
    <subfield code="a">texto</subfield>
    <subfield code="b">txt</subfield>
    <subfield code="2">rdacontent</subfield>
  </datafield>
  <datafield tag="337" ind1=" " ind2=" ">
    <subfield code="a">sin mediaci&#xF3;n</subfield>
    <subfield code="b">n</subfield>
    <subfield code="2">rdamedia</subfield>
  </datafield>
  <datafield tag="338" ind1=" " ind2=" ">
    <subfield code="a">volumen</subfield>
    <subfield code="b">nc</subfield>
    <subfield code="2">rdacarrier</subfield>
  </datafield>
  <datafield tag="490" ind1="0" ind2=" ">
    <subfield code="a">Plan Nacional de Lectura y Escritura Leer es mi Cuento / Ministerio de Cultura</subfield>
  </datafield>
  <datafield tag="500" ind1=" " ind2=" ">
    <subfield code="a">En la cabecera de la car&#xE1;tula aparece el subt&#xED;tulo: Los ciclos m&#xE1;gicos del universo</subfield>
  </datafield>
  <datafield tag="521" ind1=" " ind2=" ">
    <subfield code="a">Recomendado para un p&#xFA;blico infantil mayor de 9 a&#xF1;os</subfield>
  </datafield>
  <datafield tag="650" ind1="1" ind2="7">
    <subfield code="a">Ciclos biol&#xF3;gicos</subfield>
    <subfield code="x">Literatura infantil</subfield>
    <subfield code="2">LEMB</subfield>
    <subfield code="9">195664</subfield>
  </datafield>
  <datafield tag="650" ind1="1" ind2="7">
    <subfield code="a">Variaci&#xF3;n (Biolog&#xED;a)</subfield>
    <subfield code="x">Literatura infantil</subfield>
    <subfield code="2">LEMB</subfield>
    <subfield code="9">195665</subfield>
  </datafield>
  <datafield tag="650" ind1="1" ind2="7">
    <subfield code="a">Vida (Biolog&#xED;a)</subfield>
    <subfield code="x">Literatura infantil</subfield>
    <subfield code="2">LEMB</subfield>
    <subfield code="9">167439</subfield>
  </datafield>
  <datafield tag="700" ind1="1" ind2=" ">
    <subfield code="a">Cabassa, Mariona</subfield>
    <subfield code="e">ilustradora </subfield>
    <subfield code="9">112525</subfield>
  </datafield>
  <datafield tag="942" ind1=" " ind2=" ">
    <subfield code="2">ddc</subfield>
    <subfield code="c">BKINF</subfield>
  </datafield>
  <datafield tag="999" ind1=" " ind2=" ">
    <subfield code="c">14635</subfield>
    <subfield code="d">14635</subfield>
  </datafield>
  <datafield tag="952" ind1=" " ind2=" ">
    <subfield code="0">0</subfield>
    <subfield code="1">0</subfield>
    <subfield code="2">ddc</subfield>
    <subfield code="4">0</subfield>
    <subfield code="7">0</subfield>
    <subfield code="8">LI</subfield>
    <subfield code="a">MUS</subfield>
    <subfield code="b">MUS</subfield>
    <subfield code="d">2023-01-02</subfield>
    <subfield code="e">Dotaci&#xF3;n BNAL</subfield>
    <subfield code="l">0</subfield>
    <subfield code="o">571.8 R65i</subfield>
    <subfield code="p">MUS000337</subfield>
    <subfield code="r">2023-01-02</subfield>
    <subfield code="t">Ej 1</subfield>
    <subfield code="w">2023-01-02</subfield>
    <subfield code="y">BKINF</subfield>
    <subfield code="z">Quince dias</subfield>
  </datafield>
  <datafield tag="952" ind1=" " ind2=" ">
    <subfield code="0">0</subfield>
    <subfield code="1">0</subfield>
    <subfield code="2">ddc</subfield>
    <subfield code="4">0</subfield>
    <subfield code="7">0</subfield>
    <subfield code="8">LI</subfield>
    <subfield code="a">BPMOS</subfield>
    <subfield code="b">BPMOS</subfield>
    <subfield code="d">2023-01-26</subfield>
    <subfield code="e">Dotaci&#xF3;n BNAL</subfield>
    <subfield code="l">1</subfield>
    <subfield code="o">571.8 R65i</subfield>
    <subfield code="p">MOS502985</subfield>
    <subfield code="r">2025-04-23</subfield>
    <subfield code="s">2025-04-14</subfield>
    <subfield code="t">Ej 1</subfield>
    <subfield code="w">2023-01-26</subfield>
    <subfield code="y">BKINF</subfield>
    <subfield code="z">Quince dias</subfield>
  </datafield>
</record>
